[Event "San Jose subzonal 2.3c"]
[Site "San Jose"]
[Date "2018.03.25"]
[Round "1"]
[White "Sun Chin, Robert Patrick"]
[Black "Arostegui Gonzalez, Ricardo"]
[Result "1-0"]
[WhiteElo "2091"]
[BlackElo "1616"]
[PlyCount "67"]
[EventDate "2018.03.25"]
[EventType "swiss"]
[EventRounds "9"]
[EventCountry "CRI"]
[SourceTitle "EXT 2019"]
[Source "ChessBase"]
[SourceDate "2018.10.10"]
[SourceVersion "1"]
[SourceVersionDate "2018.10.10"]
[SourceQuality "1"]

1. e4 e5 2. Nf3 Nc6 3. Bb5 a6 4. Ba4 Nf6 5. 0-0 b5 6. Bb3 Be7 7. Re1 d6 8. c3 0-0 9. d4 Bg4 10. d5 Na5 11. Bc2 c5 12. h3 Bh5 13. Nbd2 Ne8 14. b4 Nb7 15. a4 c4 16. Nf1 Bg6 17. g4 h6 18. axb5 axb5 19. Rb1 Ra2 20. Ng3 Nc7 21. Be3 Qd7 22. Rc1 Rfa8 23. Kh2 R2a3 24. Bb1 Qd8 25. Qd2 Bf8 26. Rg1 Ne8 27. h4 Nf6 28. Nf5 Bxf5 29. exf5 Qe7 30. g5 hxg5 31. hxg5 Nh5 32. f6 Qd7 33. fxg7 Nxg7 34. Qc2 1-0